| 000 | 03749nam a2200409 a 4500 | ||
|---|---|---|---|
| 005 | 20100924140927.0 | ||
| 010 | _aB-409720-735 | ||
| 020 |
_c300.00 _a9788126024520 |
||
| 035 | _aB-409720-735 | ||
| 037 | _bNorth India Publisers & Distributors | ||
| 082 | _a843 | ||
| 245 |
_aGian Singh 'Shatir' / _ctranslated from Urdu by Azad Gulati |
||
| 260 |
_aNew Delhi _bSahitya Akademi _c2009 |
||
| 270 |
_aRabindra Bhavan, 35, Ferozeshah Road _bNew Delhi _e110001 |
||
| 300 |
_a665p. ; _c23 cm(Hb) |
||
| 500 | _aGian Singh Shatir's Sahitya Akademi award winning urdu novel | ||
| 520 | _aSelection of short stories by 20th century Hindi authors translated into English. | ||
| 700 |
_aGulati, Azad _921418 |
||
| 942 |
_2ddc _cEN _mGIA _h843 |
||
| 999 |
_c35873 _d35873 |
||